| 000 | 00946nam a22002297a 4500 | ||
|---|---|---|---|
| 999 |
_c15741 _d15741 |
||
| 003 | AR-CdUCM | ||
| 008 | 190429b ||||| |||| 00| 0 spa d | ||
| 020 | _a84-7232-280-7 | ||
| 040 |
_aMUNICIPALIDAD PROVINCIAL DEL CUSCO _cBIBLIOTECA MUNICIPAL DEL CUSCO |
||
| 082 |
_a330 / _bP59 |
||
| 100 |
_aPinto, Anibal _97936 |
||
| 245 | _aLa internacionalización de la economía mundial, una visión latinoamericana / | ||
| 260 |
_aMadrid : _bCultura hispanica, _c1980. |
||
| 300 |
_a142 paginas ; _bCuadros, diagramas, _c23 cm. |
||
| 505 | _aContenido : La internacionalización de posguerra -- El factor político e ideológico -- La transmisión comunista -- Las motivaciones de las transaccionales -- Exportacion del capital y ciclo productivo... | ||
| 650 |
_aCapital _95056 |
||
| 650 |
_aInversiones _94219 |
||
| 650 |
_aComercio internacional _94073 |
||
| 650 |
_aCiclo productivo _934936 |
||
| 942 |
_2ddc _cLIBROS |
||
| 945 |
_awnts _d2019-04-29 |
||